Estadísticas para Países por su Día de Indepencia

Haz click aquí para intentar la prueba.

Estadísticas generales

  • Esta prueba ha sido intentada 1.283 veces
  • La puntuación promedio es 13 de 22

Estadísticas de respuestas

FechaIndependencia dePaís% Correcto
9 julio 2011SudánSudán del Sur
90%
4 julio 1776Gran BretañaEstados Unidos
89%
16 sep 1810EspañaMéxico
85%
7 sep 1822PortugalBrasil
84%
8 oct 1991YugoslaviaCroacia
77%
24 mayo 1993EtiopíaEritrea
74%
30 junio 1960BélgicaR.D. del Congo
73%
20 ago 1902Estados UnidosCuba
64%
5 julio 1962FranciaArgelia
61%
9 ago 1965MalasiaSingapur
60%
25 marzo 1821Imperio OtomanoGrecia
59%
15 ago 1947Reino UnidoIndia
59%
1 dic 1918DinamarcaIslandia
58%
6 dic 1917RusiaFinlandia
57%
26 marzo 1971PakistánBangladés
52%
2 sep 1945Japón y FranciaVietnam
45%
24 dic 1951ItaliaLibia
44%
24 abril 1916Reino UnidoIrlanda
42%
21 julio 1831Países BajosBélgica
39%
1 julio 1867Reino UnidoCanadá
35%
1 ene 1804FranciaHaití
33%
1 ago 1291Sacro Imperio RomanoSuiza
30%

Distribución de puntuación

Porcentaje por número respondido

Porcentaje de gente con cada puntuación

Historial de tus puntuaciones

No has intentado esta prueba.